Annual report on the unincorporated enterprise survey 1983
Zapisane w:
| Format: | Książka |
|---|---|
| Język: | Undetermined |
| Wydane: |
[Tokyo]
Satistics Bureau Management and Coordination Agency Japan
1984
|
| Hasła przedmiotowe: | |
| Etykiety: |
Dodaj etykietę
Nie ma etykietki, Dołącz pierwszą etykiete!
|
| Thư viện lưu trữ: | Trung tâm Học liệu Trường Đại học Cần Thơ |
|---|
| LEADER | 00599nam a2200193Ia 4500 | ||
|---|---|---|---|
| 001 | CTU_105314 | ||
| 008 | 210402s9999 xx 000 0 und d | ||
| 082 | |a 381.1952 | ||
| 082 | |b A613 | ||
| 245 | 0 | |a Annual report on the unincorporated enterprise survey 1983 | |
| 260 | |a [Tokyo] | ||
| 260 | |b Satistics Bureau Management and Coordination Agency Japan | ||
| 260 | |c 1984 | ||
| 650 | |a Industries,Japan,Business enterprises | ||
| 650 | |x Commerce,Periodicals,Statistics | ||
| 650 | |y 1945- | ||
| 650 | |z Japan,Japan | ||
| 904 | |i Năm | ||
| 980 | |a Trung tâm Học liệu Trường Đại học Cần Thơ | ||